[Event "Ch Great Britain"]
[Site "masterchessopen.com Sheffield (England)"]
[Date "2011.08.05"]
[Round "11"]
[White "Chapman Terence (ENG)"]
[Black "Houska Jovanka (ENG)"]
[Result "0-1"]
[WhiteElo "2253"]
[BlackElo "2427"]

1.Nf3 d5 2.d4 Nf6 3.c4 e6 4.g3 Bb4+ 5.Bd2 Bd6 6.Bg2 c6 7.Qc2 Nbd7 8.Bf4 Bxf4
9.gxf4 O-O 10.e3 b6 11.cxd5 cxd5 12.O-O Ba6 13.Rc1 Rc8 14.Nc3 Qe7 15.Qa4 Nb8
16.Ne5 Rc7 17.Rc2 Rfc8 18.Rac1 g6 19.Bf1 Bxf1 20.Kxf1 a6 21.Qb3 b5 22.a4 b4
23.Na2 a5 24.Qd3 Ne4 25.f3 Nd6 26.Rxc7 Rxc7 27.Qd2 Nc4 28.Qe2 b3 29.Nc3 Nxe5
30.fxe5 Rc4 31.Qd1 Qb4 32.h4 h5 33.Qe1 Nd7 34.f4 Nb6 35.Ra1 Qe7 36.Kg2 Qd7
37.Qd1 Nxa4 38.Qxb3 Rb4 39.Qa3 Nxc3 40.Qxc3 Qb5 41.Rf1 Rxb2+ 42.Rf2 Rb3
43.Qc8+ Kg7 44.Qd8 Qd3 45.f5 Qe4+ 46.Kh2 exf5 47.Qf6+ Kg8 48.Qd8+ Kh7 49.Qe7
Rb8 50.Qxf7+ Kh6 51.Qf6 Qxe3 52.Kg2 a4 53.e6 Re8 54.Rxf5 Qe4+ 55.Rf3 Qxe6
56.Qf4+ Kg7 57.Qc7+ Re7 58.Qb8 Qg4+ 59.Rg3 Qe2+ 60.Kh3 Qf1+ 61.Rg2 Qh1+ 62.Kg3
Qe1+ 63.Kh3 Re3+ {#R} 0-1

[Event "Ch Great Britain (Major Open)"]
[Site "masterchessopen.com Torquay (England)"]
[Date "2009.08.03"]
[Round "7"]
[White "Campbell Eoin (SCO)"]
[Black "Dale Hannah (ENG)"]
[Result "1-0"]
[WhiteElo "1908"]
[BlackElo "1791"]

1.Nf3 e6 2.c4 Nf6 3.g3 d5 4.d4 Bb4+ 5.Bd2 Bxd2+ 6.Nbxd2 O-O 7.Bg2 b6 8.O-O Bb7
9.Rc1 Nbd7 10.b4 Qe7 11.c5 bxc5 12.bxc5 c6 13.Re1 Qd8 14.Ne5 Nxe5 15.dxe5 Nd7
16.e4 Re8 17.exd5 exd5 18.f4 Rc8 19.Nf3 Qa5 20.Qc2 h6 21.Nd4 Ba6 22.Nf5 Rb8
23.Nd6 Re7 24.Bh3 Qa3 25.e6 Nf6 26.exf7+ Kf8 27.Rxe7 Kxe7 28.Re1+ Kf8 29.Qh7
Qxc5+ 30.Kh1 Qxd6 31.Qg6 Ne4 32.Be6 Bd3 33.f5 Rb1 34.Rxb1 Bxb1 35.Qh7 Ke7
36.Qxg7 Nxg3+ 37.hxg3 Be4+ 38.Kh2 {#r} 1-0

[Event "Ch Greece"]
[Site "masterchessopen.com Athens (Greece)"]
[Date "2004.12.09"]
[Round "6"]
[White "Skembris Spyridon (GRE)"]
[Black "Mastrovasilis Athanasios (GRE)"]
[Result "1-0"]
[WhiteElo "2446"]
[BlackElo "2502"]

1.Nf3 Nf6 2.c4 e6 3.g3 d5 4.d4 Bb4+ 5.Bd2 Be7 6.Bg2 O-O 7.Qc2 c6 8.O-O b6
9.Bf4 Ba6 10.Nbd2 Nbd7 11.Rfc1 c5 12.e4 Nh5 13.exd5 Nxf4 14.gxf4 exd5 15.cxd5
Bd6 16.Ne5 f6 17.Nc6 Qc7 18.Ne4 Kh8 19.Nxd6 Qxd6 20.Qf5 Rae8 21.Re1 cxd4
22.Re6 Rxe6 23.Qxe6 Qxe6 24.dxe6 Nc5 25.Nxd4 Re8 26.f5 g6 27.b4 Nd3 28.Bc6 Re7
29.b5 Bc8 30.Rd1 Nc5 31.Nb3 Nxb3 32.axb3 Kg7 33.Rd8 Bxe6 34.fxe6 Rxe6 35.Rd7+
Kh6 36.Rxa7 f5 37.Rb7 Kg5 38.Rxh7 {#r} 1-0

[Event "Ch Greece (juniors) (under 16)"]
[Site "masterchessopen.com Greece"]
[Round "9"]
[White "Argiroudis Stamatis (GRE)"]
[Black "Lambropoulos Evangelos (GRE)"]
[Result "1-0"]
[WhiteElo "2292"]
[BlackElo "2046"]

1.Nf3 d5 2.d4 Nf6 3.c4 e6 4.g3 Bb4+ 5.Bd2 Qe7 6.Bg2 c6 7.O-O dxc4 8.Ne5 O-O
9.Qc2 Nbd7 10.Bg5 h6 11.Bxf6 Nxf6 12.Nxc4 Rd8 13.Rd1 Qc7 14.Nc3 Bd7 15.Rac1
Rac8 16.Ne4 Be7 17.Ne5 Be8 18.e3 Nd5 19.Qe2 f5 20.Nc5 Bxc5 21.Rxc5 b6 22.Rcc1
c5 23.a3 Qb8 24.g4 cxd4 25.Rxc8 Rxc8 26.exd4 Nf4 27.Qf3 g5 28.gxf5 exf5 29.Bh3
Bh5 30.Qb3+ Kg7 31.Bxf5 Qb7 32.f3 Rd8 33.Qc4 Rf8 34.Be4 Qe7 35.Qb4 Qe6 36.Qc4
Qh3 37.Qf1 g4 38.Qxh3 Nxh3+ 39.Kg2 Ng5 40.Rd3 Ne6 41.Kg3 Nf4 42.Rd2 gxf3
43.Bxf3 Bxf3 44.Nxf3 Nd5 45.Ne5 Nf6 46.Kf4 Rd8 47.Kf5 Rd6 48.Rg2+ Kf8 49.Rg6
Ne8 50.Rxd6 Nxd6+ 51.Ke6 Ne4 52.Nd7+ Kg7 53.d5 Ng5+ 54.Ke7 {#r} 1-0

[Event "Ch Greek Chess Unions"]
[Site "masterchessopen.com Greece"]
[Date "2008.06.22"]
[Round "2"]
[White "Grapsa Georgia (GRE)"]
[Black "Derekas Ioannis (GRE)"]
[Result "1-0"]
[WhiteElo "2121"]
[BlackElo "1874"]

1.d4 d5 2.Nf3 Nf6 3.c4 e6 4.g3 Bb4+ 5.Bd2 Bxd2+ 6.Nbxd2 b6 7.Bg2 Bb7 8.O-O O-O
9.Qc2 Nc6 10.Rfd1 Rc8 11.a3 a5 12.e3 Re8 13.Ne5 Ne7 14.b4 axb4 15.axb4 Ra8
16.c5 Rxa1 17.Rxa1 bxc5 18.bxc5 Nc6 19.Qb3 Ba8 20.Ndf3 Nxe5 21.Nxe5 Nd7
22.Rxa8 Qxa8 23.Nxd7 f6 24.Qb5 c6 25.Qb2 Qa7 26.Nb6 Rb8 27.Bf1 h5 28.Qe2 g6
29.Qf3 Kg7 30.Qf4 Rd8 31.Bh3 Qe7 32.Bf1 e5 33.Qf3 e4 34.Qf4 g5 35.Qf5 Kh6
36.Ba6 g4 37.Bb7 Qxb7 38.Qxf6+ Kh7 39.Qxd8 Qa6 40.Qf6 {#r} 1-0

[Event "Ch Hungary (team) (3 liga)"]
[Site "masterchessopen.com Hungary"]
[Round "0"]
[White "Szabo Janos (HUN)"]
[Black "Kulcsar Gabor (HUN)"]
[Result "0-1"]
[WhiteElo "2124"]
[BlackElo "2094"]

1.d4 Nf6 2.c4 e6 3.Nf3 d5 4.g3 Bb4+ 5.Bd2 Qe7 6.Qa4+ Nc6 7.Bg2 Ne4 8.a3 Bxd2+
9.Nfxd2 O-O 10.Nxe4 dxe4 11.e3 f5 12.Nc3 Bd7 13.Qc2 Na5 14.Ne2 c5 15.dxc5 Qxc5
16.Rc1 Qc7 17.b4 Nc6 18.h4 a5 19.b5 Ne5 20.Nf4 Rac8 21.a4 Qxc4 22.Qxc4 Rxc4
23.Rxc4 Nxc4 24.O-O Kf7 25.Rd1 Ke7 26.Bf1 Rc8 27.Rc1 Nb6 {#R} 0-1

[Event "Ch Hungary (team) 1992/93"]
[Site "masterchessopen.com Hungary"]
[Round "0"]
[White "Horvath Julia (HUN)"]
[Black "Toth Janos (HUN)"]
[Result "0-1"]
[WhiteElo "2211"]
[BlackElo "1890"]

1.d4 Nf6 2.c4 e6 3.Nf3 d5 4.g3 Bb4+ 5.Bd2 Bxd2+ 6.Qxd2 O-O 7.Bg2 Ne4 8.Qc2 Nd7
9.O-O Ndf6 10.Nc3 Nxc3 11.bxc3 c5 12.e3 Qc7 13.Ne5 b6 14.Rfc1 Bb7 15.cxd5 exd5
16.a4 Rac8 17.Qb2 Rfd8 18.Rcb1 Ba6 19.Qa3 Ne4 20.Bxe4 dxe4 21.h4 f6 22.Qa2+
Kf8 23.Ng4 Qd7 24.Nh2 Bd3 25.Rc1 Rc6 26.Qa3 g5 27.c4 gxh4 28.d5 Rd6 29.g4 h5
30.f3 hxg4 31.fxg4 Qg7 32.Qc3 Qg5 33.Re1 Kf7 34.a5 h3 35.axb6 axb6 36.Ra7+ Kg6
37.Kh1 R6d7 38.Ra2 Re8 39.Rf2 Re5 40.Qb2 Rd6 41.Qa2 Rd8 42.Rf4 Qh4 43.Rg1 Rg5
44.Qb2 Rd6 45.Qb5 Qh8 46.Qb3 b5 47.Qxb5 Rdxd5 48.Qa6 Qd8 49.Qa2 Rde5 50.Qb3
Be2 51.Qa2 Qd3 52.Qa6 Qd8 53.Qa2 Bd3 54.Qb3 Qd7 55.Ra1 Qe6 56.Ra4 Be2 57.Qa2
Qd7 58.Qa1 Bxg4 59.Ra6 Be6 60.Qf1 Ref5 61.Qe1 Rxf4 62.exf4 Rg2 63.Ra3 {#R} 0-1

[Event "Ch Hungary (team) 1992/93"]
[Site "masterchessopen.com Hungary"]
[Round "0"]
[White "Kustar Sandor (HUN)"]
[Black "Szabo Zoltan (HUN)"]
[Result "1-0"]
[WhiteElo "2347"]
[BlackElo "2320"]

1.Nf3 Nf6 2.c4 e6 3.g3 d5 4.d4 Bb4+ 5.Bd2 Bxd2+ 6.Nbxd2 Ne4 7.Qc2 Nxd2 8.Qxd2
O-O 9.Bg2 Nd7 10.Rc1 c6 11.O-O Qe7 12.Rfd1 Rd8 13.a3 a5 14.Qf4 Nf8 15.h4 Bd7
16.e4 Ng6 17.Qe3 Be8 18.c5 Qc7 19.h5 Nf8 20.Rc3 dxe4 21.Qxe4 f5 22.Qh4 Qf7
23.h6 Ng6 24.Qg5 e5 25.hxg7 e4 26.Ne1 Rd5 27.Nc2 f4 28.Qh6 f3 29.Bh3 Rad8
30.Re1 Bd7 31.Bxd7 R5xd7 32.Rxe4 Qa2 33.Qc1 Rxg7 34.Rxf3 Qd5 35.Qe3 {#r} 1-0

[Event "Ch Hungary (team) 2010/11"]
[Site "masterchessopen.com Hungary"]
[Date "2010.12.05"]
[Round "4"]
[White "Ilincic Zlatko (SRB)"]
[Black "Horvath Adam (HUN)"]
[Result "1-0"]
[WhiteElo "2447"]
[BlackElo "2493"]

1.d4 Nf6 2.c4 e6 3.Nf3 d5 4.g3 Bb4+ 5.Bd2 Be7 6.Bg2 O-O 7.Qc2 c6 8.O-O b6
9.Rd1 Nbd7 10.a4 Ba6 11.b3 Rc8 12.a5 c5 13.axb6 Qxb6 14.Ba5 Qb8 15.Nbd2 Bb7
16.e3 Ne4 17.Nxe4 dxe4 18.Nd2 f5 19.b4 cxd4 20.exd4 e5 21.Nb3 exd4 22.Nxd4 Ne5
23.c5 Kh8 24.Ne6 Rfe8 25.Qa2 Nd3 26.Rab1 Bf6 27.h3 Ba8 28.Rxd3 exd3 29.Bxa8
Qxa8 30.b5 Qf3 31.Re1 h5 32.c6 h4 33.Re3 Qd1+ 34.Kg2 hxg3 35.Rxg3 Qc2 36.Qd5
Qe2 37.Re3 Qh5 38.Rxd3 Qg6+ 39.Rg3 Qf7 40.Nf4 Qxd5+ 41.Nxd5 a6 42.Nb6 axb5
43.Nxc8 Rxc8 44.c7 b4 45.Rd3 Kg8 46.Kf3 Kf7 47.Ke2 b3 48.Rxb3 Be5 49.Rd3 {#r}
1-0

[Event "Ch Hungary (team) 2010/11"]
[Site "masterchessopen.com Hungary"]
[Date "2011.04.17"]
[Round "9"]
[White "Meszaros Tamas (HUN)"]
[Black "Kovacs Gabor M (HUN)"]
[Result "0-1"]
[WhiteElo "2460"]
[BlackElo "2232"]

1.d4 d5 2.c4 e6 3.Nf3 Nf6 4.g3 Bb4+ 5.Bd2 Be7 6.Bg2 O-O 7.O-O Nc6 8.Nc3 dxc4
9.Bg5 a6 10.e3 Rb8 11.Nd2 Na5 12.Qe2 Nd5 13.Bxe7 Nxc3 14.bxc3 Qxe7 15.Nxc4
Nxc4 16.Qxc4 e5 17.Rab1 b6 18.Rfd1 a5 19.Qb5 e4 20.c4 Bd7 21.Qd5 Rfe8 22.Bxe4
Ba4 23.Bf3 Bxd1 24.Rxd1 c5 25.Qc6 Rec8 26.Qb5 cxd4 27.Rxd4 Qc5 28.Qd7 Rc7
29.Qg4 b5 30.cxb5 Qxb5 31.Bd5 Rc1+ 32.Rd1 Rxd1+ 33.Qxd1 Qb1 34.Qxb1 Rxb1+
35.Kg2 a4 36.e4 Kf8 37.h4 f6 38.h5 Ke7 39.f4 Kd6 40.Kf3 Re1 41.h6 gxh6 42.Bg8
Ke7 43.Bd5 h5 44.Kf2 Rc1 45.Kg2 Kd6 46.Bf7 Kc5 {#R} 0-1

[Event "Ch India"]
[Site "masterchessopen.com Chennai (India)"]
[Date "2008.02.14"]
[Round "12"]
[White "Vidit Santosh Gujrathi (IND)"]
[Black "Thejkumar M S (IND)"]
[Result "1-0"]
[WhiteElo "2356"]
[BlackElo "2441"]

1.d4 Nf6 2.Nf3 d5 3.c4 e6 4.g3 Bb4+ 5.Bd2 a5 6.Bg2 dxc4 7.O-O O-O 8.Qc2 b5
9.a4 c6 10.axb5 Bxd2 11.Nfxd2 Nd5 12.Qxc4 cxb5 13.Qxb5 Bd7 14.Qd3 Nc6 15.Nc4
Ncb4 16.Qd2 Bb5 17.Nba3 Ba6 18.Rfc1 f5 19.e3 Bb7 20.Ne5 Qe7 21.Nac4 Qd8 22.Ra3
a4 23.Qd1 Qe7 24.Rxa4 Rxa4 25.Qxa4 Rc8 26.Qd1 Qc7 27.Qd2 Ba6 28.b3 Bb5 29.Ra1
Qe7 30.Ra5 Be8 31.Qb2 Rb8 32.h3 Nf6 33.Ra8 Rxa8 34.Bxa8 g5 35.Bg2 f4 36.Qa3
fxg3 37.fxg3 Nfd5 38.Qc1 Kg7 39.Qd2 h6 40.e4 Nc7 41.Kh2 Nba6 42.d5 exd5
43.exd5 Qb4 44.Qb2 Kg8 45.d6 {#r} 1-0

[Event "Ch India"]
[Site "masterchessopen.com Aurangabad (India)"]
[Date "2011.10.17"]
[Round "9"]
[White "Kunte Abhijit (IND)"]
[Black "Venkatesh M R (IND)"]
[Result "1-0"]
[WhiteElo "2528"]
[BlackElo "2479"]

1.d4 d5 2.c4 e6 3.Nf3 Nf6 4.g3 Bb4+ 5.Bd2 a5 6.Bg2 dxc4 7.Qc2 Nc6 8.Qxc4 Qd5
9.Qd3 Qe4 10.Qxe4 Nxe4 11.a3 Nxd2 12.Nbxd2 Be7 13.Rc1 O-O 14.O-O Rd8 15.e3 Bd7
16.Ne4 Be8 17.Rfd1 Kf8 18.Ne1 a4 19.Nd3 Ra7 20.f4 Bd6 21.Nxd6 Rxd6 22.Rc3 Ke7
23.Rdc1 Kd8 24.Kf2 Ne7 25.Rxc7 Bc6 26.Bxc6 Kxc7 27.Bxa4+ Kd8 28.Bb5 f6 29.Nc5
Nd5 30.Bc4 Nc7 31.g4 b6 32.Nd3 Ne8 33.Rd1 Ke7 34.Nb4 Kf8 35.Kf3 e5 36.d5 exf4
37.exf4 Rc7 38.Bd3 g5 39.h4 gxf4 40.Kxf4 Ng7 41.Re1 h5 42.gxh5 Nxh5+ 43.Kg4
Ng7 44.h5 Ne8 45.h6 f5+ 46.Kg5 Nf6 47.Bxf5 Nxd5 48.Rd1 Rc5 49.Rd4 Nf6 50.Rxd6
Ne4+ 51.Kg6 Nxd6 52.h7 Nf7 53.Kf6 Rc1 54.Nd3 Rh1 55.Nf4 Rf1 56.Ng6+ Ke8 57.a4
Rf2 58.b4 Rf1 59.a5 bxa5 60.bxa5 Rh1 61.Kg7 Nd6 62.Be6 Kd8 63.h8=Q+ Rxh8
64.Nxh8 Kc7 65.Bd5 Kb8 66.Nf7 Nb5 67.Bc4 Nd4 68.Ne5 Kb7 69.Kf6 {#r} 1-0

[Event "Ch India"]
[Site "masterchessopen.com Kolkata (India)"]
[Date "2012.10.04"]
[Round "4"]
[White "Kunte Abhijit (IND)"]
[Black "Aravindh Chithambaram Vr (IND)"]
[Result "1-0"]
[WhiteElo "2518"]
[BlackElo "2276"]

1.d4 Nf6 2.c4 e6 3.Nf3 d5 4.g3 Bb4+ 5.Bd2 a5 6.Bg2 O-O 7.O-O Ne4 8.Qc2 c6
9.Nc3 f5 10.c5 Bxc3 11.bxc3 Nxd2 12.Qxd2 Qc7 13.Rab1 Nd7 14.Qe3 Re8 15.c4 Nf6
16.Ne5 Ra6 17.Rfc1 Bd7 18.Qf4 Nh5 19.Qd2 Nf6 20.h3 Rea8 21.Rb2 b6 22.cxb6 Rxb6
23.Nxd7 Nxd7 24.cxd5 exd5 25.Bxd5+ Kh8 26.Rxb6 Nxb6 27.Rxc6 Qd8 28.Bf3 Rb8
29.Qxa5 Qxd4 30.Qxf5 Qa1+ 31.Kg2 Qxa2 32.Rxb6 Rxb6 33.Bd5 {#r} 1-0

[Event "Ch India (team)"]
[Site "masterchessopen.com Gurgaon (India)"]
[Date "2010.02.27"]
[Round "9"]
[White "Kunte Abhijit (IND)"]
[Black "Gajendra Singh (IND)"]
[Result "1-0"]
[WhiteElo "2517"]
[BlackElo "2133"]

1.d4 Nf6 2.c4 e6 3.g3 d5 4.Nf3 Bb4+ 5.Bd2 Be7 6.Bg2 O-O 7.O-O b6 8.cxd5 exd5
9.Nc3 Bb7 10.Rc1 Nbd7 11.Bf4 c6 12.Ne5 Nxe5 13.Bxe5 Nd7 14.Bf4 g5 15.Bd2 f5
16.a3 h6 17.Qc2 Rf6 18.Bh3 Qf8 19.b4 a6 20.e4 g4 21.e5 Rg6 22.Bg2 Bg5 23.f4
Be7 24.Nxd5 cxd5 25.Qc7 Qc8 26.Qxc8+ Rxc8 27.Rxc8+ Bxc8 28.Bxd5+ Kf8 29.Rc1
Nc5 30.dxc5 bxc5 31.bxc5 {#r} 1-0

[Event "Ch Israel (team)"]
[Site "masterchessopen.com Israel"]
[Round "4"]
[White "Huzman Alexander (ISR)"]
[Black "Bruk Ofer (ISR)"]
[Result "1-0"]
[WhiteElo "2589"]
[BlackElo "2409"]

1.d4 Nf6 2.c4 e6 3.Nf3 d5 4.g3 Bb4+ 5.Bd2 Qe7 6.Bg2 O-O 7.O-O dxc4 8.Qc2 Nbd7
9.Qxc4 Bxd2 10.Nbxd2 c6 11.Ne5 Rd8 12.Rfd1 Qd6 13.Ndf3 h6 14.Qb3 a5 15.a3 Qc7
16.Rac1 Nxe5 17.Nxe5 Bd7 18.e3 Be8 19.h3 Nd5 20.Nd3 Ra7 21.Nc5 Qb8 22.Rd2 Nf6
23.Rdd1 Nd7 24.Nd3 Qc7 25.Qc3 Qb6 26.Bf3 Raa8 27.Kg2 Ra7 28.Nc5 Raa8 29.Nd3
Nf6 30.Qe1 Nd7 31.Rc4 Qb5 32.Rc2 e5 33.Nc5 Nxc5 34.dxc5 Rxd1 35.Qxd1 Qb3
36.Qd2 Qe6 37.Qc3 Qe7 38.Rd2 f6 39.Rd6 Kf8 40.Qd2 e4 41.Bd1 Qe5 42.b4 axb4
43.Qxb4 Qe7 44.Bg4 Qc7 45.Bf5 Qa5 46.Bxe4 Qxb4 47.axb4 Ra4 48.Rd4 Ke7 49.Bf5
Ra8 50.g4 g6 51.Bd3 Bf7 52.Kf3 Ra3 53.h4 Rb3 54.Kg3 Rc3 55.f4 g5 56.hxg5 hxg5
57.Kf3 Be6 58.fxg5 fxg5 59.Bf5 Bd5+ 60.Ke2 Rb3 61.Bc8 Rb2+ 62.Kd3 Rb3+ 63.Kd2
Rb2+ 64.Kd1 Bf3+ 65.Kc1 Re2 66.Bxb7 Rxe3 67.Kd2 Re2+ 68.Kc3 Re3+ 69.Rd3 Rxd3+
70.Kxd3 Bxg4 71.Bxc6 Kd8 72.b5 Bc8 73.b6 Ba6+ 74.Ke4 Be2 75.Kf5 g4 76.Kf4 Kc8
77.Be4 Kd7 78.c6+ Kd6 79.c7 Ba6 80.Kxg4 Bc8+ 81.Kf4 Ba6 82.Ke3 Kd7 83.Kd4 Kd6
84.Kc3 {#r} 1-0

[Event "Ch Kazakhstan (1/2 final)"]
[Site "masterchessopen.com Pavlodar (Kazakhstan)"]
[Date "2012.02.27"]
[Round "7"]
[White "Yurovsky Sergey (KAZ)"]
[Black "Nukin Ashat (KAZ)"]
[Result "0-1"]
[WhiteElo "2184"]
[BlackElo "2353"]

1.d4 Nf6 2.c4 e6 3.Nf3 d5 4.g3 Bb4+ 5.Bd2 Be7 6.Bg2 O-O 7.cxd5 exd5 8.O-O c6
9.Nc3 Bf5 10.h3 Nbd7 11.Nh4 Be6 12.Qc2 Re8 13.Nf5 Bf8 14.g4 Nb6 15.b3 Nc8
16.Bf4 Bxf5 17.Qxf5 Bb4 18.Rfc1 Bxc3 19.Rxc3 Ne4 20.Bxe4 Rxe4 21.Be3 Nd6
22.Qf3 Qd7 23.Rd1 Rae8 24.Rc2 R8e6 25.Kh1 Rg6 {#R} 0-1

[Event "Ch Kuzbass"]
[Site "masterchessopen.com Kemerovo (Russia)"]
[Date "2009.10.21"]
[Round "7"]
[White "Ponomarenko Natalia (RUS)"]
[Black "Kudriashov Anatoli (TKM)"]
[Result "1-0"]
[WhiteElo "1927"]
[BlackElo "2318"]

1.d4 Nf6 2.c4 d5 3.Nf3 e6 4.g3 Bb4+ 5.Bd2 Bxd2+ 6.Nbxd2 O-O 7.Bg2 dxc4 8.Nxc4
Nc6 9.O-O b5 10.Nce5 Bb7 11.Ng5 Nd5 12.Qc2 Qxg5 13.Nxc6 Rfc8 14.Qc5 Bxc6
15.Qxc6 a6 16.Qc5 Rab8 17.e4 {#r} 1-0

[Event "Ch Lithuania"]
[Site "masterchessopen.com Vilnius (Lithuania)"]
[Round "0"]
[White "Mikenas Vladas I (EST)"]
[Black "Archangelsky Mikhail (RUS)"]
[Result "1-0"]
[WhiteElo "2405"]
[BlackElo "2197"]

1.d4 d5 2.c4 e6 3.Nf3 Nf6 4.g3 Bb4+ 5.Bd2 Be7 6.Bg2 O-O 7.O-O Nbd7 8.Qc2 c6
9.Rd1 b6 10.a4 Ba6 11.b3 Ne4 12.Ne5 Nxe5 13.Bxe4 Ng6 14.Bd3 dxc4 15.Bxc4 Bxc4
16.Qxc4 c5 17.dxc5 Bxc5 18.Nc3 Rc8 19.Qa6 Qe7 20.Be1 Ne5 21.Ne4 Bb4 22.Qb5 Nc6
23.Bxb4 Nxb4 24.Nd6 Rc6 25.Qxb4 Rd8 26.Nf5 {#r} 1-0

[Event "Ch Lithuania (team) (1 league)"]
[Site "masterchessopen.com Lithuania"]
[Date "2007.09.30"]
[Round "1"]
[White "Jocys Dalius (LTU)"]
[Black "Pakalniskis Romas (LTU)"]
[Result "1-0"]
[WhiteElo "2223"]
[BlackElo "2027"]

1.d4 Nf6 2.Nf3 d5 3.c4 e6 4.g3 Bb4+ 5.Bd2 Bxd2+ 6.Nbxd2 O-O 7.Bg2 Nbd7 8.Qc2
Re8 9.O-O c6 10.e4 dxe4 11.Nxe4 Nxe4 12.Qxe4 Nf6 13.Qe3 Bd7 14.Ne5 Qe7 15.Rfe1
h6 16.Rad1 Red8 17.Qb3 Be8 18.c5 Qc7 19.Nc4 Rd7 20.Qa3 Rdd8 21.Qe3 b5 22.Nd6
a5 23.Qe5 Ra7 24.h4 Bd7 25.Bf1 Ne8 26.Ne4 Bc8 27.Qh5 Qe7 28.Qf3 Ba6 29.a3 b4
30.Bxa6 Rxa6 31.axb4 axb4 32.Qb3 Qb7 33.Qc4 Ra5 34.Rd3 Qb5 35.Rc1 Qxc4 36.Rxc4
Rb5 37.Rb3 f5 38.Nd2 e5 39.Nf3 exd4 40.Nxd4 Ra5 41.Nxc6 Rd1+ 42.Kg2 Raa1
43.Ne7+ Kf7 44.Nxf5 Kg6 45.Ne3 Rg1+ 46.Kf3 {#r} 1-0

[Event "Ch Montenegro (team)"]
[Site "masterchessopen.com Herceg Novi (Montenegro)"]
[Date "2006.09.24"]
[Round "3"]
[White "Mihajlovic Veselin (MNE)"]
[Black "Bujisic Vlastimir (MNE)"]
[Result "1-0"]
[WhiteElo "2306"]
[BlackElo "2251"]

1.d4 d5 2.Nf3 e6 3.c4 Nf6 4.g3 Bb4+ 5.Bd2 Be7 6.Bg2 Ne4 7.O-O O-O 8.Nc3 Nxd2
9.Nxd2 dxc4 10.Nxc4 c6 11.e3 b6 12.Ne5 Bb7 13.Qa4 Qc8 14.Rfd1 f6 15.Nd3 Re8
16.Rac1 Qd7 17.Ne2 Kf7 18.h4 a5 19.Nef4 Bf8 20.Qc2 Ra7 21.Nc5 bxc5 22.dxc5 Qc7
23.Qxh7 Qe5 24.Bf3 Qf5 25.Bh5+ Ke7 26.Ng6+ Kf7 27.Nxf8+ {#r} 1-0

[Event "Ch Montenegro (team) (1 liga)"]
[Site "masterchessopen.com Tivat (Montenegro)"]
[Date "2011.10.08"]
[Round "1"]
[White "Blagojevic Dragisa (MNE)"]
[Black "Petijevic Vaso (MNE)"]
[Result "1-0"]
[WhiteElo "2514"]
[BlackElo "2311"]

1.d4 d5 2.c4 e6 3.Nf3 Nf6 4.g3 c6 5.Bg2 Bb4+ 6.Bd2 Be7 7.Qc2 Ne4 8.Bf4 Nd7
9.O-O O-O 10.Nfd2 f5 11.Nxe4 fxe4 12.Nc3 Nf6 13.Rad1 Bd6 14.Bxd6 Qxd6 15.Qb3
Kh8 16.f3 exf3 17.exf3 dxc4 18.Qxc4 e5 19.Rfe1 Be6 20.Qc5 Qxc5 21.dxc5 Nd5
22.Nxd5 Bxd5 23.Rxe5 Rfe8 24.Rxe8+ Rxe8 25.f4 Re2 26.Bxd5 cxd5 27.Rxd5 h6
28.Rd8+ Kh7 29.Rb8 Rxb2 30.c6 Rc2 31.cxb7 Rb2 32.f5 h5 33.h4 a5 34.a4 Rb3
35.Kf2 {#r} 1-0

[Event "Ch Montenegro (team) (1 liga)"]
[Site "masterchessopen.com Tivat (Montenegro)"]
[Date "2011.10.13"]
[Round "6"]
[White "Damljanovic Branko (SRB)"]
[Black "Lajthajm Borko (SRB)"]
[Result "1-0"]
[WhiteElo "2607"]
[BlackElo "2496"]

1.d4 Nf6 2.c4 e6 3.Nf3 d5 4.g3 Bb4+ 5.Bd2 Bxd2+ 6.Nbxd2 O-O 7.Bg2 Nbd7 8.O-O
a5 9.Qc2 c6 10.e4 dxe4 11.Nxe4 Nxe4 12.Qxe4 c5 13.Rfd1 Qb6 14.Rd2 cxd4 15.Ng5
Nf6 16.Qxd4 Qxd4 17.Rxd4 Rb8 18.Rad1 b6 19.Ne4 Nxe4 20.Bxe4 Bb7 21.Bxb7 Rxb7
22.Rd7 Rxd7 23.Rxd7 g6 24.b3 Rb8 25.a4 Rc8 26.f4 Rc6 27.Kf2 h5 28.Ke3 Kg7
29.h3 Kf6 30.Ke4 Rc8 31.g4 hxg4 32.hxg4 g5 33.fxg5+ Kg6 34.Kf4 Rc6 35.Rd8 Kg7
36.Kg3 Kg6 37.Kh4 Rc5 38.Rg8+ Kh7 39.Rb8 Rc6 40.Kh5 Kg7 41.g6 Rc5+ 42.g5 fxg6+
43.Kg4 Rf5 44.Rxb6 e5 45.Rb7+ Kf8 46.Rb5 Rf4+ 47.Kg3 Rf5 48.Rxa5 Rxg5+ 49.Kh4
Rf5 50.Rb5 Ke7 51.a5 Kd6 52.a6 Rf8 53.b4 Kc6 54.Rxe5 Kb6 55.Re6+ Ka7 56.Rc6
Rf1 57.b5 {#r} 1-0

[Event "Ch Montenegro (team) (1 liga)"]
[Site "masterchessopen.com Cetinje (Montenegro)"]
[Date "2012.09.23"]
[Round "6"]
[White "Krstonijevic Stjepan (MNE)"]
[Black "Vujovic Radoslav (MNE)"]
[Result "1-0"]
[WhiteElo "2014"]
[BlackElo "1998"]

1.d4 Nf6 2.c4 e6 3.g3 d5 4.Nf3 Bb4+ 5.Bd2 Bxd2+ 6.Nbxd2 O-O 7.Bg2 Nbd7 8.O-O
c6 9.Qc2 Re8 10.e4 dxe4 11.Nxe4 Nxe4 12.Qxe4 Nf6 13.Qc2 Qa5 14.Rfe1 Bd7 15.Ne5
Rad8 16.Re3 Qc7 17.g4 Bc8 18.g5 Nd7 19.Rh3 Nf8 20.Be4 g6 21.Ng4 Re7 22.Nf6+
Kg7 23.Qd3 Qf4 24.Rg3 Nd7 25.Rg4 Qc7 26.Qh3 h5 27.gxh6+ Kh8 28.Qh4 Nf8 29.Ne8
{#r} 1-0

[Event "Ch Moscow (1/2 final)"]
[Site "masterchessopen.com Moscow (Russia)"]
[Date "2010.03.06"]
[Round "1"]
[White "Goroshilov Vladislav (RUS)"]
[Black "Reshetnikov Alexey (RUS)"]
[Result "0-1"]
[WhiteElo "2062"]
[BlackElo "2469"]

1.d4 Nf6 2.c4 e6 3.Nf3 d5 4.g3 Bb4+ 5.Bd2 Be7 6.Bg2 O-O 7.Qc2 b6 8.cxd5 exd5
9.Bf4 c5 10.O-O Bb7 11.Nc3 Nbd7 12.Rad1 c4 13.Nd2 Rc8 14.Nb5 a6 15.Nd6 Bxd6
16.Bxd6 Re8 17.Rfe1 b5 18.Bh3 Rc6 19.Bf4 Nf8 20.Bg5 Qb6 21.Nf3 Ne4 22.Bf5 Bc8
23.Bxe4 Rxe4 24.Nd2 Rg4 25.Nf3 Re6 26.Bf4 Re4 27.Qd2 Rexf4 28.h3 Rxf3 29.exf3
Rg6 30.h4 Re6 31.Qb4 h6 32.Re3 a5 33.Rxe6 Bxe6 34.Qe7 b4 35.Kg2 b3 36.axb3
Qxb3 37.Rd2 Qb4 38.Qxb4 axb4 39.g4 g5 40.h5 Bd7 41.Kf1 Ne6 42.Ke2 Nf4+ 43.Kd1
Ba4+ 44.Kc1 Bb3 45.Kb1 c3 46.bxc3 bxc3 47.Rc2 Bxc2+ 48.Kxc2 Ne2 {#R} 0-1

[Event "Ch Moscow (1/2 final)"]
[Site "masterchessopen.com Moscow (Russia)"]
[Date "2011.03.15"]
[Round "2"]
[White "Tilicheev Viacheslav (RUS)"]
[Black "Golynsky Yuri (RUS)"]
[Result "1-0"]
[WhiteElo "2389"]
[BlackElo "2147"]

1.d4 d5 2.c4 e6 3.Nf3 Nf6 4.g3 Bb4+ 5.Bd2 Be7 6.Bg2 O-O 7.O-O Ne4 8.Qc2 c6
9.Nc3 Nxd2 10.Nxd2 Nd7 11.cxd5 exd5 12.a3 Bf6 13.e3 Nb6 14.b4 g6 15.Qb3 Bf5
16.Rfc1 Rc8 17.a4 Be6 18.a5 Nd7 19.Na4 b6 20.axb6 axb6 21.b5 c5 22.Bxd5 Bxd5
23.Qxd5 cxd4 24.exd4 Rxc1+ 25.Rxc1 Qa8 26.Qxa8 Rxa8 27.Rc4 Ra5 28.Ne4 Be7
29.Nec3 Ra7 30.Nd5 Bd6 31.Naxb6 Nxb6 32.Nxb6 Ra1+ 33.Kg2 Rb1 34.Rc8+ Kg7
35.Nc4 Be7 36.b6 Rb5 37.d5 Bc5 38.b7 Ba7 39.Nd6 Rb2 40.Ra8 {#r} 1-0

[Event "Ch Moscow (1/2 final)"]
[Site "masterchessopen.com Moscow (Russia)"]
[Date "2011.03.19"]
[Round "4"]
[White "Omariev Maksim (RUS)"]
[Black "Ulko Jaroslav (RUS)"]
[Result "0-1"]
[WhiteElo "2355"]
[BlackElo "2475"]

1.d4 Nf6 2.c4 e6 3.g3 d5 4.Nf3 Bb4+ 5.Bd2 Be7 6.Bg2 O-O 7.Qc2 c6 8.O-O Nbd7
9.Bf4 b6 10.cxd5 cxd5 11.Ne5 Nxe5 12.Bxe5 Ba6 13.Nc3 Qd7 14.Rfc1 Rac8 15.a3
Ng4 16.Bf4 f5 17.Qd2 h6 18.h4 Bd6 19.Bf3 Nf6 20.Bxd6 Qxd6 21.Qf4 Qxf4 22.gxf4
Ne4 23.e3 g5 24.hxg5 hxg5 25.fxg5 Nxg5 26.Be2 Rxc3 27.Bxa6 Rb3 28.Ra2 Ne4
29.Bc8 Kf7 30.Rc6 Re8 31.Kg2 Ng5 32.Ba6 Rg8 33.Rc7+ Kf6 34.Rxa7 f4 35.Rc7 fxe3
36.fxe3 Ne4+ 37.Kh2 Rxe3 38.b4 Rh8+ 39.Kg1 Re1+ 40.Bf1 Rg8+ 41.Rg2 Ng3 42.Rxg3
Rxg3+ 43.Kf2 Ree3 44.a4 Ref3+ 45.Ke2 Ra3 {#R} 0-1

[Event "Ch Moscow (1/2 final) (open)"]
[Site "masterchessopen.com Moscow (Russia)"]
[Round "8"]
[White "Titievsky Vladimir (RUS)"]
[Black "Rodionov Ivan (RUS)"]
[Result "1-0"]
[WhiteElo "2162"]
[BlackElo "1996"]

1.d4 Nf6 2.c4 e6 3.g3 d5 4.Nf3 Bb4+ 5.Bd2 Bxd2+ 6.Nbxd2 O-O 7.Bg2 Nbd7 8.O-O
b6 9.cxd5 exd5 10.Rc1 Bb7 11.b4 Rc8 12.b5 Re8 13.e3 a6 14.a4 axb5 15.axb5 c6
16.bxc6 Bxc6 17.Bh3 Bb5 18.Re1 Rxc1 19.Qxc1 Qb8 20.Qb1 Ba6 21.Ng5 g6 22.e4 h6
23.Nxf7 Kxf7 24.e5 Kg7 25.exf6+ Nxf6 26.Rxe8 Nxe8 27.Qa2 Bb7 28.Qa4 Nf6 29.Qb4
Qd8 30.Nf3 Ne4 31.Ne5 Qc7 32.Qb1 Ba6 33.Bg2 Qc3 34.Bxe4 dxe4 35.Nxg6 Kxg6
36.Qxb6+ Kg5 37.Qxa6 Qxd4 38.h4+ Kh5 39.Qe6 Qd1+ 40.Kh2 Qg4 41.Qf7+ Qg6
42.Qxg6+ Kxg6 43.g4 Kf6 44.Kg3 Ke5 45.h5 {#r} 1-0